000 00270nam a22001337a 4500
999 _c161006
_d161006
020 _a
082 _a
_b
100 _aMohan Rakesh
245 _aComplete plays/
_cby Mohan Rakesh .
260 _a
_bRajpal,
_c2006.
300 _a464p.
650 _a
942 _cBK